000 00776nam a2200229Ii 4500
003 JO-AjNU
008 230605s9999||||xx |||||||||||||| ||und||
017 _a2011/8/3028
020 _a978-9957-70-540-4
040 _aJO-AjNU
_bara
_erda
_cJO-AjNU
041 _aara
050 1 4 _aBP3534.A88 2012
100 3 _aالعتوم، عامر يوسف,
_eauthor
_933532
245 0 0 _aالتوازن الكلي في الإقتصاد الإسلامي
250 _aط1
264 3 1 _aاربد: عالم الكتب الحديث للنشر والتوزيع، 2011
300 _a250ص
_bالمراجع ص 237-250
336 _atext
_btxt
_2rdacontent
337 _aunmediated
_bn
_2rdamedia
338 _avolume
_bnc
_2rdacarrier
650 4 _aالاسلام والاقتصاد
_933533
999 _aA13659
_c17227
_d17227